000 00589nam a22001937a 4500
999 _c160754
_d160754
005 20190214121104.0
010 _aENG-124794
020 _c195.00
_a9350578832
020 _c9789350578834
035 _aEN-108326
037 _bDBAD/PUB
082 _a005.2
100 _aBittu Kumar
245 _aMicrosoft excel 2010/
_cby Bittu Kumar
260 _aNew Delhi
_bV&S Publishers
_c2017
270 _aF-2/16, Ansari Road, Daryaganj
_bNew Delhi
_e110002
_k011-23240026, 011-23240027
_minfo@vspublishers.com
300 _a90p.
_c24cm(pbk)
942 _2ddc
_cEN
_h005.2
_mBIT